• 首页
  • 本馆介绍
  • 公告通知
  • 最新文献
  • 馆藏检索
  • 电子资源
  • 读者导购
  • 参考咨询
  • 我的图书馆
  • 登录
  • 详细信息显示
  • 放入我的书架
  • 预约/预借图书
  • 作者相关作品
  • 分类相关作品
  • 丛书相关作品
  • 出版社相关作品

书目信息

  • 表格格式
  • 工作单格式
  • 卡片格式
题名:
构建企业安全文化及基本知识问答
    
 
作者: 姜福川 编
分册:  
出版信息: 北京   冶金工业出版社  2013
页数: 15,155页
开本: 26cm
丛书名:
单 册:
中图分类: X931
科图分类:
主题词: 企业安全--安全文化--基本知识 , 企业安全 , 安全文化
电子资源:
ISBN: 978-7-5024-6290-1
000 00866nam0 2200253 450
001 012015000078
005 20150911082224.04
010    @a978-7-5024-6290-1@dCNY35.00
100    @a20140429d2013 em y0chiy50 ea
101 0  @achi
102    @aCN@b110000
105    @ay z 000yy
106    @ar
200 1  @a构建企业安全文化及基本知识问答@Agou jian qi ye an quan wen hua ji ji ben zhi shi wen da@f姜福川编
210    @a北京@c冶金工业出版社@d2013
215    @a15,155页@d26cm
330    @a本书针对如何构建企业的安全文化进行编写,具体内容包括:安全文化概论、企业安全文化基本理论、企业安全文化相关术语、企业安全文化构架、企业安全文化建设方法。
606 0  @a企业安全@x安全文化@x基本知识
606 0  @a企业安全
606 0  @a安全文化
690    @aX931@v5
701  0 @a姜福川@Ajiang fu chuan@4编
801  0 @aCN@b碧洲教育@c20150716
905    @a10447@f4@dX931@e19
    
    构建企业安全文化及基本知识问答/姜福川编.-北京:冶金工业出版社,2013
    15,155页;26cm
    
    
    ISBN 978-7-5024-6290-1:CNY35.00
    本书针对如何构建企业的安全文化进行编写,具体内容包括:安全文化概论、企业安全文化基本理论、企业安全文化相关术语、企业安全文化构架、企业安全文化建设方法。
●
相关链接 在E读中查询图书 在五车中查询图书 在当当中查询图书 在豆瓣中查询图书


正题名:构建企业安全文化及基本知识问答     索取号:X931/19         预约/预借

序号 登录号 条形码 馆藏地/架位号 状态 备注
1 0870694   208706943   第二样本阅览室/ [索取号:X931/19] 在馆    
2 0870695   208706952   第三借阅区/ [索取号:X931/19] 在馆    
3 0870696   208706961   第三借阅区/ [索取号:X931/19] 在馆    
4 0870697   208706970   第三借阅区/ [索取号:X931/19] 在馆    
唐山师范学院图书馆 欢迎您!
大连网信软件有限公司© 版权所有